| 000 | 00562nam a22001697a 4500 | ||
|---|---|---|---|
| 003 | MACL | ||
| 005 | 20160719151729.0 | ||
| 008 | 160719b xxu||||| |||| 00| 0 eng d | ||
| 040 | _cMACL | ||
| 041 | _aHindi | ||
| 082 | _a891.431 UPA | ||
| 100 |
_aउपाध्याय, सुधांशु _964748 |
||
| 245 |
_aआने वाले कल पर _cसुधांशु उपाध्याय |
||
| 260 |
_aनई दिल्ली _bभारतीय ज्ञानपीठ _c2011 |
||
| 650 |
_aगीत _964749 |
||
| 942 |
_2ddc _cHIN |
||
| 999 |
_c54479 _d54479 |
||